000 00852aam a2200265 4500
999 _c33438
_d33438
001 2655
003 CO-MdFUSB
005 20171110111513.0
008 170417n sp ||||| |||| 00| 0 spa d
020 _a84-7050-093-7
040 _aCO-MdFUSB
_bspa
_cCO-MdFUSB
_dCO-MdFUSBC
_erda
041 0 _aspa
_hger
041 0 _aspa
082 0 4 _aG 225.663 D544h
100 1 _aDibelius, Martin (1883–1947)
_eautor
245 0 3 _aLa historia de las formas evangélicas
_c/ Martin Dibelius ; Juan Miguel Díaz, Traductor
264 4 _aValencia, España:
_bSan Jerónimo,
_c[ sin fecha ]
300 _a315 Pag
336 _2rdacontent
_atexto
_btxt
337 _2rdamedia
_asin mediación
_bn
338 _2rdacarrier
_avolumen
_bnc
500 _aTítulo original : Die formgeschichte des evangeliums
630 0 7 _aBiblia.
_pNuevo Testamento
942 _cBK